[Event "Campeonato Aragon Preferente 2019"]
[Site "?"]
[Date "2019.01.26"]
[Round "1.55"]
[White "Carrasquer Alonso, Luis"]
[Black "Casas Chine, German"]
[Result "1/2-1/2"]
[WhiteElo "1840"]
[BlackElo "1785"]
[PlyCount "0"]
[EventDate "2019.??.??"]
[EventType "team-tourn"]
[EventRounds "9"]
[EventCountry "ESP"]
[WhiteTeam "Jaque B"]
[BlackTeam "Fraga"]

1. e4 c5 2. Nf3 d6 3. Bb5+ Bd7 4. Bxd7+ Nxd7 5. O-O g6 6. c3 Ngf6 7. Re1 Bg7 8.
d3 O-O 9. h3 Ne5 10. Nxe5 dxe5 11. Be3 b6 12. Qc2 Nh5 13. Nd2 Rc8 14. Rad1 Nf4
15. Nf3 e6 16. Qd2 Qf6 17. g3 Nxd3 18. Qxd3 Qxf3 19. Bc1 Qxd3 20. Rxd3 Rfd8 21.
Red1 Bf6 22. c4 Rd4 23. Rxd4 exd4 24. Kf1 a6 25. Ke2 Kf8 26. Kd3 Bg7 27. Bd2
Ke8 28. Rb1 b5 29. b3 Bf8 30. Bf4 1/2-1/2

[Event "Campeonato Aragon Preferente 2019"]
[Site "?"]
[Date "2019.01.26"]
[Round "1.56"]
[White "Agustin De Dios, Adrian"]
[Black "Pascual Sese, Lucas"]
[Result "0-1"]
[WhiteElo "1717"]
[BlackElo "1712"]
[PlyCount "0"]
[EventDate "2019.??.??"]
[EventType "team-tourn"]
[EventRounds "9"]
[EventCountry "ESP"]
[WhiteTeam "Fraga"]
[BlackTeam "Jaque B"]

1. e4 c5 2. Nc3 e6 3. g3 d5 4. exd5 exd5 5. Bg2 Nf6 6. d3 d4 7. Nce2 Bd6 8. Nf3
O-O 9. O-O h6 10. Nd2 Qd7 11. Nc4 Bc7 12. Nf4 Nc6 13. Nh5 Qf5 14. Nxf6+ Qxf6
15. Nd2 b6 16. Ne4 Qe6 17. Re1 Qg6 18. f4 f5 19. Nd2 Bd7 20. Nf3 Rae8 21. a3
Rxe1+ 22. Qxe1 Re8 23. Qf2 b5 24. Bd2 Bb6 25. Re1 c4 26. Rxe8+ Qxe8 27. Qe1 c3
28. Qxe8+ Bxe8 29. Bc1 b4 30. Nh4 bxa3 31. bxa3 Ne7 32. h3 Ba4 33. Kf2 Bxc2 34.
Ke2 g5 35. fxg5 hxg5 36. Bxg5 Kf7 37. Bc1 Bc5 38. Nf3 Ng6 39. h4 Ne7 40. h5 Bb3
41. Ne5+ Kg7 42. Nd7 Bd6 43. h6+ Kh8 44. Nf6 Bxg3 45. Nh5 Be5 46. Nf4 Kh7 47.
Bh3 Bf7 48. Kf2 Bxf4 49. Bxf4 Bh5 50. Ke1 Bg4 51. Bg2 Ng6 52. Bb8 Kxh6 53. Bxa7
Nf4 54. Bf1 Ne6 55. a4 Bf3 56. a5 Kg5 57. Bb8 Nc5 58. Be5 Nb3 59. Bxd4 Nxd4 60.
a6 Nb3 0-1

[Event "Campeonato Aragon Preferente 2019"]
[Site "?"]
[Date "2019.01.26"]
[Round "1.57"]
[White "Veras Sanz, Marino"]
[Black "Malo Guillen, Jose Luis"]
[Result "1/2-1/2"]
[WhiteElo "2084"]
[BlackElo "2140"]
[PlyCount "51"]
[EventDate "2019.??.??"]
[EventType "team-tourn"]
[EventRounds "9"]
[EventCountry "ESP"]
[WhiteTeam "El Olivar B"]
[BlackTeam "Las Fuentes"]

1. d4 Nf6 2. Nf3 e6 3. c4 b6 4. a3 Ba6 5. Qc2 c5 6. e3 Be7 7. Bd3 O-O 8. O-O d5
9. Nbd2 Nc6 10. Ne5 Bb7 11. cxd5 Nxe5 12. dxe5 Qxd5 13. e4 Qxe5 14. Nc4 Qh5 15.
Bf4 Rfd8 16. e5 Nd5 17. Bg3 f5 18. exf6 Nxf6 19. Rfe1 Rd4 20. Re5 Qe8 21. Rxe6
Qd7 22. Bf5 Qd8 23. Rae1 Bf8 24. Be5 Be4 25. Bxe4 Rxe4 26. Rd1 1/2-1/2

[Event "Campeonato Aragon Preferente 2019"]
[Site "?"]
[Date "2019.01.26"]
[Round "1.58"]
[White "Querol Soro, Sergio"]
[Black "Gracia Campo, Carlos Alberto"]
[Result "0-1"]
[WhiteElo "1927"]
[BlackElo "2074"]
[PlyCount "44"]
[EventDate "2019.??.??"]
[EventType "team-tourn"]
[EventRounds "9"]
[EventCountry "ESP"]
[WhiteTeam "Las Fuentes"]
[BlackTeam "El Olivar B"]

1. Nf3 Nf6 2. g3 g6 3. Bg2 Bg7 4. d3 d5 5. c4 c6 6. cxd5 cxd5 7. O-O O-O 8. Qb3
Nc6 9. Bd2 e5 10. Bg5 Be6 11. Qxb7 Qd6 12. Rc1 Rfc8 13. Qa6 Qd7 14. Qa4 Rab8
15. Rc2 e4 16. Ne1 Rb4 17. Qa3 Rcb8 18. Nd2 Nd4 19. Nb3 Nxc2 20. Nxc2 Ra4 21.
Nc5 Rxa3 22. Nxd7 Nxd7 0-1

[Event "Campeonato Aragon Preferente 2019"]
[Site "?"]
[Date "2019.01.26"]
[Round "1.60"]
[White "Mombiela De Sus, Jose Luis"]
[Black "Arinez Bruna, Octavio"]
[Result "1/2-1/2"]
[WhiteElo "1903"]
[BlackElo "1905"]
[PlyCount "75"]
[EventDate "2019.??.??"]
[EventType "team-tourn"]
[EventRounds "9"]
[EventCountry "ESP"]
[WhiteTeam "Las Fuentes"]
[BlackTeam "El Olivar B"]

1. g3 c5 2. c4 g6 3. Bg2 Bg7 4. Nf3 Nf6 5. O-O O-O 6. Nc3 Nc6 7. d4 cxd4 8.
Nxd4 Nxd4 9. Qxd4 d6 10. b3 Ng4 11. Qd2 Qa5 12. Bb2 Qh5 13. h3 Nf6 14. g4 Qh4
15. f4 Rb8 16. g5 Nh5 17. Nd5 Re8 18. Bxg7 Nxg7 19. Rf3 Be6 20. Nc3 h6 21. Ne4
b5 22. gxh6 Qxh6 23. cxb5 Rxb5 24. Ng5 Rc8 25. Rc1 Rbc5 26. Rxc5 Rxc5 27. b4
Rc4 28. e4 Qh4 29. Kh2 d5 30. f5 gxf5 31. exd5 Rd4 32. Qc1 Rxd5 33. Nxe6 fxe6
34. Rc3 Rd4 35. Rc7 Nh5 36. Qe3 Qf4+ 37. Qxf4 Nxf4 38. Bf1 1/2-1/2

[Event "Campeonato Aragon Preferente 2019"]
[Site "?"]
[Date "2019.01.26"]
[Round "1.61"]
[White "Barranco Mananet, Fernando"]
[Black "Fuster Garcia, Luis"]
[Result "0-1"]
[WhiteElo "2045"]
[BlackElo "2167"]
[PlyCount "50"]
[EventDate "2019.??.??"]
[EventType "team-tourn"]
[EventRounds "9"]
[EventCountry "ESP"]
[WhiteTeam "Monzon"]
[BlackTeam "Marcos Frechin B"]

1. d4 Nf6 2. c4 g6 3. Nc3 Bg7 4. e4 d6 5. Bd3 O-O 6. Nge2 e5 7. d5 a5 8. O-O
Na6 9. a3 Nc5 10. Bc2 Nh5 11. Be3 f5 12. f3 f4 13. Bf2 g5 14. g4 fxg3 15. Nxg3
Nxg3 16. hxg3 Bh3 17. Re1 Qf6 18. Nb5 Bg4 19. Bxc5 dxc5 20. Qd2 Qxf3 21. Re3
Qf7 22. Bd3 Bf3 23. g4 Qf4 24. Re2 Qg3+ 25. Kf1 Bxe2+ 0-1

[Event "Campeonato Aragon Preferente 2019"]
[Site "?"]
[Date "2019.01.26"]
[Round "1.62"]
[White "Farinas Argudo, Adrian"]
[Black "Arrieta Restrepo, Steven"]
[Result "1-0"]
[WhiteElo "1794"]
[BlackElo "1949"]
[PlyCount "92"]
[EventDate "2019.??.??"]
[EventType "team-tourn"]
[EventRounds "9"]
[EventCountry "ESP"]
[WhiteTeam "Marcos Frechin B"]
[BlackTeam "Monzon"]

1. d4 Nf6 2. Nf3 e6 3. Bf4 c5 4. e3 Qb6 5. Qc1 Nc6 6. c3 Be7 7. Nbd2 d5 8. Bd3
Nh5 9. Bg3 Nxg3 10. hxg3 h6 11. a4 a5 12. Bb5 Bd7 13. Nb3 c4 14. Nbd2 Nb8 15.
Bxd7+ Nxd7 16. Qc2 Qc6 17. O-O O-O 18. e4 b5 19. Rfe1 Rfe8 20. exd5 exd5 21.
axb5 Qxb5 22. Qf5 Bf6 23. Nxc4 Qxc4 24. Qxd7 Red8 25. Qa4 Qc7 26. Ne5 Rdb8 27.
Ra2 Re8 28. Nd3 Rxe1+ 29. Nxe1 Qe7 30. Qd1 Ra7 31. Nd3 Qe4 32. Qf3 Qg6 33. Ra1
Bd8 34. Re1 Bg5 35. Re5 a4 36. Rxd5 a3 37. bxa3 Rxa3 38. Rc5 Bd2 39. Ne5 Qe6
40. Nxf7 Ra1+ 41. Kh2 Rc1 42. Ne5 Bg5 43. Rc6 Qe8 44. Qf5 Qh5+ 45. Qh3 Qxh3+
46. gxh3 Bf6 1-0

[Event "Campeonato Aragon Preferente 2019"]
[Site "?"]
[Date "2019.01.26"]
[Round "1.63"]
[White "Mendoza Barcia, Pedro"]
[Black "Hususan, Melisa"]
[Result "1-0"]
[WhiteElo "1860"]
[BlackElo "1763"]
[PlyCount "71"]
[EventDate "2019.??.??"]
[EventType "team-tourn"]
[EventRounds "9"]
[EventCountry "ESP"]
[WhiteTeam "Monzon"]
[BlackTeam "Marcos Frechin B"]

1. e4 c5 2. Nc3 Nc6 3. Bb5 Nd4 4. Bc4 g6 5. Nf3 Bg7 6. O-O e6 7. d3 Ne7 8. Be3
O-O 9. Bxd4 cxd4 10. Ne2 Nc6 11. Nd2 a6 12. f4 b5 13. Bb3 Bb7 14. Rf3 Rc8 15.
Rh3 Ne7 16. Qe1 Nc6 17. Nf3 d6 18. Ng5 h6 19. Nxe6 fxe6 20. Bxe6+ Kh7 21. Qg3
Rc7 22. f5 g5 23. Rf1 Rf6 24. Bb3 Rf8 25. Qg4 Qf6 26. Qh5 Na5 27. Be6 Bc8 28.
Bd5 Bb7 29. Be6 Bc8 30. Bd5 Rxc2 31. Kh1 Rc7 32. Nxd4 Qxd4 33. Qg6+ Kh8 34.
Rxh6+ Bxh6 35. Qxh6+ Rh7 36. Qxf8# 1-0

[Event "Campeonato Aragon Preferente 2019"]
[Site "?"]
[Date "2019.01.26"]
[Round "1.65"]
[White "Fontana Sotomayor, Luis Javier"]
[Black "Bayona Bafaluy, Jose Maria"]
[Result "1-0"]
[WhiteElo "2256"]
[BlackElo "1813"]
[PlyCount "67"]
[EventDate "2019.??.??"]
[EventType "team-tourn"]
[EventRounds "9"]
[EventCountry "ESP"]
[WhiteTeam "Jaime Casas B"]
[BlackTeam "Binefar"]

1. d4 Nf6 2. Nf3 d5 3. g3 e6 4. Bg2 c5 5. O-O Nc6 6. c4 Be7 7. cxd5 exd5 8. Nc3
Be6 9. Bg5 c4 10. Ne5 O-O 11. e3 h6 12. Bxf6 Bxf6 13. f4 g6 14. Qf3 Ne7 15.
Rad1 Qa5 16. g4 Bxe5 17. fxe5 b5 18. a3 b4 19. axb4 Qxb4 20. Rf2 Rad8 21. Ra1
a5 22. Na4 Nc6 23. Qf4 Kh7 24. Nc5 Qb8 25. Raf1 Qc8 26. Qf6 Bxg4 27. e6 Qc7 28.
Qxf7+ Qxf7 29. Rxf7+ Kg8 30. e7 Rxf7 31. exd8=Q+ Nxd8 32. Bxd5 Be2 33. Rf2 Bd3
34. Ne6 {Tiempo} 1-0

[Event "Campeonato Aragon Preferente 2019"]
[Site "?"]
[Date "2019.01.26"]
[Round "1.66"]
[White "Garcia Alriols, Jesus"]
[Black "Rodriguez Leiva, Manuel"]
[Result "1-0"]
[WhiteElo "1806"]
[BlackElo "1932"]
[PlyCount "153"]
[EventDate "2019.??.??"]
[EventType "team-tourn"]
[EventRounds "9"]
[EventCountry "ESP"]
[WhiteTeam "Binefar"]
[BlackTeam "Jaime Casas B"]

1. e4 e6 2. d4 d5 3. exd5 exd5 4. Bd3 Nf6 5. Bg5 Be7 6. Nf3 Bg4 7. O-O O-O 8.
Re1 Nc6 9. c3 Re8 10. Nbd2 h6 11. Bh4 Nh5 12. Bxe7 Rxe7 13. Qc2 Nf4 14. Bf5
Bxf3 15. Nxf3 g6 16. Qd2 Qd6 17. Rxe7 Nxe7 18. Bc2 Kg7 19. Re1 Ng8 20. h4 Nf6
21. Ne5 Ne6 22. Qd3 Nf8 23. Qf3 Re8 24. h5 g5 25. Re3 Re7 26. Bf5 c5 27. Qe2
cxd4 28. cxd4 Rc7 29. g3 Qb4 30. Rd3 Rc1+ 31. Kg2 Re1 32. Qf3 b6 33. Ng4 Nxg4
34. Bxg4 Re4 35. Qf5 Qe7 36. Bf3 Re6 37. Bxd5 Rf6 38. Qe5 Qb4 39. Rf3 Nd7 40.
Qe8 Qd6 41. Bxf7 Rxf3 42. Qg8+ Kf6 43. Qg6+ Ke7 44. Qxd6+ Kxd6 45. Kxf3 Nf6 46.
Ke3 Ke7 47. Bg6 Ke6 48. f4 g4 49. Kd3 Nd5 50. a3 a6 51. f5+ Kd6 52. Ke4 Nf6+
53. Kd3 Kd5 54. Bf7+ Kd6 55. Ke3 Ke7 56. Bc4 Nxh5 57. Bxa6 Kf6 58. Bd3 Ng7 59.
Kf4 h5 60. a4 Ne8 61. b4 Nc7 62. a5 Nd5+ 63. Ke4 bxa5 64. bxa5 Nc7 65. a6 Na8
66. Bc4 Nb6 67. Bd5 h4 68. Bc6 hxg3 69. Kf4 Nc8 70. Kxg4 Na7 71. Bg2 Nb5 72.
Kf4 Na7 73. d5 Nb5 74. d6 Na7 75. Kxg3 Nb5 76. Kf4 Na7 77. Bf1 1-0

[Event "Campeonato Aragon Preferente 2019"]
[Site "?"]
[Date "2019.01.26"]
[Round "1.67"]
[White "Buil Rello, Jose Antonio"]
[Black "Saura Solano, Jose Luis"]
[Result "1/2-1/2"]
[WhiteElo "1761"]
[BlackElo "1773"]
[PlyCount "54"]
[EventDate "2019.??.??"]
[EventType "team-tourn"]
[EventRounds "9"]
[EventCountry "ESP"]
[WhiteTeam "Jaime Casas B"]
[BlackTeam "Binefar"]

1. e4 Nf6 2. f3 c5 3. d4 cxd4 4. Qxd4 Nc6 5. Qd1 d5 6. exd5 Qxd5 7. Qxd5 Nxd5
8. Bd3 e6 9. c3 Bc5 10. Be4 O-O 11. Ne2 Bd7 12. c4 Nf6 13. Bxc6 Bxc6 14. Nbc3
a6 15. Bf4 b5 16. cxb5 axb5 17. Be5 Be7 18. Nd4 Rfc8 19. Ncxb5 Bxb5 20. Nxb5
Rc5 21. Bxf6 Bxf6 22. Nc3 Rb8 23. Ne4 Rc2 24. Nxf6+ gxf6 25. b3 Rd8 26. a4 Rdd2
27. Rg1 Re2+ 1/2-1/2

[Event "Campeonato Aragon Preferente 2019"]
[Site "?"]
[Date "2019.01.26"]
[Round "1.68"]
[White "Arino Castan, Federico"]
[Black "Salas Latorre, Jose"]
[Result "1-0"]
[WhiteElo "1727"]
[BlackElo "1718"]
[PlyCount "55"]
[EventDate "2019.??.??"]
[EventType "team-tourn"]
[EventRounds "9"]
[EventCountry "ESP"]
[WhiteTeam "Binefar"]
[BlackTeam "Jaime Casas B"]

1. d4 d5 2. c4 e6 3. Nc3 Nf6 4. Bg5 Nbd7 5. cxd5 exd5 6. Nf3 c6 7. e3 Be7 8.
Bd3 O-O 9. O-O Nh5 10. Bxe7 Qxe7 11. Re1 Nhf6 12. e4 dxe4 13. Nxe4 Nxe4 14.
Rxe4 Qd8 15. Rh4 Nf6 16. Ne5 h6 17. Qf3 Be6 18. Qg3 Kh8 19. Qf4 h5 20. Qg5 Kg8
21. Rxh5 Nxh5 22. Qxh5 f5 23. Ng6 Rf6 24. Re1 Qd7 25. Qh8+ Kf7 26. Ne5+ Ke7 27.
Qxg7+ Rf7 28. Qg5+ 1-0

[Event "Campeonato Aragon Preferente 2019"]
[Site "?"]
[Date "2019.01.26"]
[Round "1.70"]
[White "Larrosa Poves, Jose Manuel"]
[Black "Sanjulian Arruga, Pablo"]
[Result "0-1"]
[WhiteElo "1912"]
[BlackElo "1850"]
[PlyCount "88"]
[EventDate "2019.??.??"]
[EventType "team-tourn"]
[EventRounds "9"]
[EventCountry "ESP"]
[WhiteTeam "Agrupacion C"]
[BlackTeam "St. Casablanca B"]

1. d4 d5 2. c4 e6 3. Nc3 c6 4. e4 dxe4 5. Nxe4 Bb4+ 6. Bd2 Bxd2+ 7. Qxd2 Nf6 8.
Nxf6+ Qxf6 9. Nf3 Nd7 10. Bd3 O-O 11. O-O Rd8 12. b4 Nf8 13. Qe3 Bd7 14. a4 Qe7
15. b5 Be8 16. Rfd1 f6 17. d5 Kh8 18. dxc6 bxc6 19. Be4 Rxd1+ 20. Rxd1 Rc8 21.
h3 cxb5 22. cxb5 Qc7 23. Qd4 Bg6 24. Bc6 Be8 25. Qd6 Bxc6 26. Qxc7 Rxc7 27. Rc1
e5 28. Rxc6 Rxc6 29. bxc6 Ne6 30. Kf1 Kg8 31. Ke2 Kf7 32. Kd3 Ke7 33. Kc4 Kd6
34. Kb5 Nc7+ 35. Ka5 Kxc6 36. Kb4 Nd5+ 37. Kc4 a5 38. Nd2 Nb6+ 39. Kb3 Kd5 40.
f3 f5 41. Nb1 Kd4 42. Nd2 e4 43. fxe4 fxe4 44. h4 Kd3 0-1

[Event "Campeonato Aragon Preferente 2019"]
[Site "?"]
[Date "2019.01.26"]
[Round "1.71"]
[White "Ayensa Garcia, Miguel Angel"]
[Black "Carruez Gracia, Eduardo"]
[Result "1-0"]
[WhiteElo "1849"]
[BlackElo "1894"]
[PlyCount "97"]
[EventDate "2019.??.??"]
[EventType "team-tourn"]
[EventRounds "9"]
[EventCountry "ESP"]
[WhiteTeam "St. Casablanca B"]
[BlackTeam "Agrupacion C"]

1. c4 c5 2. Nc3 Nc6 3. Nf3 e5 4. g3 Nd4 5. Bg2 d6 6. Nxd4 exd4 7. Nd5 Nf6 8. d3
Nxd5 9. Bxd5 g6 10. O-O Bg7 11. b4 O-O 12. bxc5 dxc5 13. Rb1 Qe7 14. h4 Bg4 15.
Re1 Be5 16. Rxb7 Qd6 17. Kg2 Be6 18. Bf3 Bd7 19. Bh6 Rfe8 20. Rxd7 Qxd7 21.
Bxa8 Rxa8 22. e4 Rb8 23. Qd2 Qc6 24. Qc2 Rb4 25. Rb1 a5 26. Bd2 Rxb1 27. Qxb1
a4 28. f4 Bc7 29. Kf2 Kf8 30. Qd1 Qd7 31. e5 Qh3 32. Qf3 Qh2+ 33. Qg2 Qxg2+ 34.
Kxg2 Ke7 35. Kf3 h5 36. g4 hxg4+ 37. Kxg4 Ke6 38. Bc1 Bd8 39. Ba3 Be7 40. Bc1
Bf8 41. Bd2 Bg7 42. Ba5 Bf8 43. Bd8 Bh6 44. Bf6 Bf8 45. Kg5 Kd7 46. f5 gxf5 47.
Kxf5 Bh6 48. Bg5 Bg7 49. h5 1-0

[Event "Campeonato Aragon Preferente 2019"]
[Site "?"]
[Date "2019.01.26"]
[Round "1.72"]
[White "Gimeno Diaz, Fernando"]
[Black "Vela Frago, Alberto"]
[Result "1/2-1/2"]
[WhiteElo "1733"]
[BlackElo "1846"]
[PlyCount "58"]
[EventDate "2019.??.??"]
[EventType "team-tourn"]
[EventRounds "9"]
[EventCountry "ESP"]
[WhiteTeam "Agrupacion C"]
[BlackTeam "St. Casablanca B"]

1. d4 Nf6 2. Nf3 e6 3. c4 c5 4. g3 d5 5. cxd5 exd5 6. Bg2 Nc6 7. O-O Be7 8. Nc3
O-O 9. dxc5 Bxc5 10. Bg5 d4 11. Bxf6 Qxf6 12. Ne4 Qe7 13. Nxc5 Qxc5 14. Rc1 Qb6
15. Qd2 Be6 16. b3 a5 17. Rfd1 Rfd8 18. Qf4 h6 19. Ne5 Nxe5 20. Qxe5 f6 21. Qc7
Qxc7 22. Rxc7 Rac8 23. Rdc1 Rxc7 24. Rxc7 d3 25. exd3 Rxd3 26. Bxb7 Bh3 27. Rc1
Rd2 28. a3 Kf8 29. Bc8 f5 1/2-1/2

[Event "División de Honor Aragonesa 2019"]
[Site "?"]
[Date "2019.02.02"]
[Round "2.1"]
[White "Del Rey, Diego"]
[Black "Forcen Esteban, Daniel"]
[Result "1-0"]
[WhiteElo "2356"]
[BlackElo "2567"]
[PlyCount "43"]
[EventDate "2019.??.??"]
[EventType "team-tourn"]
[EventCountry "ESP"]
[WhiteTeam "El Olivar"]
[BlackTeam "Jaime Casas"]

1. e4 c5 2. c3 Nf6 3. e5 Nd5 4. Nf3 d6 5. Na3 Nc6 6. exd6 Qxd6 7. d4 Bg4 8. Be2
Bxf3 9. Bxf3 cxd4 10. O-O O-O-O 11. Nb5 Qf6 12. Qb3 Nb6 13. cxd4 Kb8 14. Be3 a6
15. Bxc6 Qxc6 16. Bf4+ Ka8 17. Nc7+ Ka7 18. Rac1 Qg6 19. d5 e5 20. Be3 f5 21.
Rc6 bxc6 22. Qxb6# 1-0

[Event "División de Honor Aragonesa 2019"]
[Site "?"]
[Date "2019.02.02"]
[Round "2.2"]
[White "Antoli Royo, Joaquin Miguel"]
[Black "Ramo Frontinan, Cristobal"]
[Result "1/2-1/2"]
[WhiteElo "2438"]
[BlackElo "2328"]
[PlyCount "97"]
[EventDate "2019.??.??"]
[EventType "team-tourn"]
[EventCountry "ESP"]
[WhiteTeam "Jaime Casas"]
[BlackTeam "El Olivar"]

1. e4 e5 2. Nf3 Nf6 3. Nxe5 d6 4. Nf3 Nxe4 5. c4 Be7 6. d4 O-O 7. Bd3 d5 8. O-O
Nf6 9. Nc3 Nc6 10. cxd5 Nb4 11. Bb1 Bg4 12. a3 Nbxd5 13. Qd3 Nxc3 14. bxc3 Bxf3
15. Qxf3 Qd5 16. Qd3 Rad8 17. Ba2 Qh5 18. h3 Bd6 19. a4 Rfe8 20. Rb1 b6 21. Bc4
c6 22. Bb3 Nd5 23. Bc2 g6 24. Bd1 Qh4 25. Qf3 Qe4 26. Qxe4 Rxe4 27. Rb3 Re6 28.
Bf3 Be7 29. Bd2 f5 30. Rbb1 Bf6 31. Rfd1 Kg7 32. Kf1 h5 33. Be1 h4 34. c4 Nf4
35. d5 cxd5 36. cxd5 Red6 37. Bb4 R6d7 38. d6 Rc8 39. Rbc1 Rxc1 40. Rxc1 Be5
41. Rd1 Kf6 42. Bc6 Rd8 43. d7 Ne6 44. a5 Nd4 45. Ba4 b5 46. Bc5 bxa4 47. Bxd4
Bxd4 48. Rxd4 a3 49. Ra4 1/2-1/2

[Event "División de Honor Aragonesa 2019"]
[Site "?"]
[Date "2019.02.02"]
[Round "2.3"]
[White "Villuendas Valero, Adrian"]
[Black "Ramiro Ovejero, Juan Luis"]
[Result "1/2-1/2"]
[WhiteElo "2249"]
[BlackElo "2358"]
[PlyCount "77"]
[EventDate "2019.??.??"]
[EventType "team-tourn"]
[EventCountry "ESP"]
[WhiteTeam "El Olivar"]
[BlackTeam "Jaime Casas"]

1. d4 d5 2. c4 dxc4 3. e3 e5 4. Bxc4 exd4 5. exd4 Nf6 6. Nf3 Bd6 7. O-O O-O 8.
h3 Nc6 9. Nc3 h6 10. Re1 Bf5 11. a3 a6 12. d5 Ne7 13. Nd4 Bh7 14. Qf3 Ng6 15.
Bd3 Kh8 16. Bxg6 Bxg6 17. Nf5 Bxf5 18. Qxf5 Re8 19. Rxe8+ Qxe8 20. Bxh6 Qe5 21.
Qxe5 Bxe5 22. Bd2 Rd8 23. Bg5 Bxc3 24. bxc3 Rxd5 25. Bxf6 gxf6 26. Re1 Kg7 27.
Kf1 Rb5 28. Re7 c5 29. Ke2 Rb2+ 30. Ke1 b5 31. Rc7 Rb3 32. Rxc5 Rxa3 33. Rc8
Ra2 34. Rb8 f5 35. Rb6 f4 36. h4 f3 37. gxf3 Rc2 38. Rxa6 Rxc3 39. Rb6 1/2-1/2

[Event "División de Honor Aragonesa 2019"]
[Site "?"]
[Date "2019.02.02"]
[Round "2.4"]
[White "Gines Esteo, Pedro Antonio"]
[Black "Hernando Garcia, Antonio"]
[Result "1-0"]
[WhiteElo "2318"]
[BlackElo "2139"]
[PlyCount "55"]
[EventDate "2019.??.??"]
[EventType "team-tourn"]
[EventCountry "ESP"]
[WhiteTeam "Jaime Casas"]
[BlackTeam "El Olivar"]

1. d4 d5 2. Nf3 Nf6 3. c4 c6 4. e3 Bf5 5. Nc3 e6 6. Nh4 Bg4 7. Qb3 Qb6 8. h3
Bh5 9. g4 Bg6 10. Nxg6 hxg6 11. g5 Nh5 12. Bd2 Nd7 13. O-O-O Be7 14. Rg1 O-O-O
15. Qc2 Kb8 16. Kb1 Qc7 17. f4 Rc8 18. Be1 Ka8 19. Rg2 Bd6 20. Rc1 Qb8 21. c5
Bc7 22. b4 Rcg8 23. Ka1 Qc8 24. b5 cxb5 25. Nxb5 Nb8 26. Nxa7 Kxa7 27. Qa4+ Na6
28. Rb2 1-0

[Event "División de Honor Aragonesa 2019"]
[Site "?"]
[Date "2019.02.02"]
[Round "2.5"]
[White "Baigorri Navarro, Fco. Javier"]
[Black "Lopez Gracia, Fernando"]
[Result "1/2-1/2"]
[WhiteElo "2213"]
[BlackElo "2293"]
[PlyCount "62"]
[EventDate "2019.??.??"]
[EventType "team-tourn"]
[EventCountry "ESP"]
[WhiteTeam "ONCE C.A. Aragon"]
[BlackTeam "Ibercaja"]

1. Nf3 Nf6 2. e3 g6 3. d4 Bg7 4. Be2 O-O 5. O-O c5 6. d5 d6 7. c4 b5 8. cxb5 a6
9. bxa6 Bxa6 10. Nc3 Nbd7 11. Rb1 Nb6 12. e4 Nfd7 13. Bf4 Nc4 14. Qc1 Re8 15.
Re1 Qa5 16. Bxc4 Bxc4 17. e5 Nb6 18. Rd1 Red8 19. Bh6 dxe5 20. Bxg7 Kxg7 21.
Nxe5 Bxd5 22. Qf4 f6 23. Ng4 Qb4 24. Qh6+ Kh8 25. h3 Bf7 26. Re1 c4 27. a3 Qc5
28. Ne4 Qd4 29. Nc3 Qc5 30. Ne4 Qd4 31. Nc3 Qc5 1/2-1/2

[Event "División de Honor Aragonesa 2019"]
[Site "?"]
[Date "2019.02.02"]
[Round "2.6"]
[White "Moreno Gracia, Daniel"]
[Black "Gavin Roche, Enrique"]
[Result "1/2-1/2"]
[WhiteElo "2289"]
[BlackElo "2220"]
[PlyCount "48"]
[EventDate "2019.??.??"]
[EventType "team-tourn"]
[EventCountry "ESP"]
[WhiteTeam "Ibercaja"]
[BlackTeam "ONCE C.A. Aragon"]

1. d4 d5 2. Nf3 Nf6 3. Bf4 e6 4. e3 c5 5. c3 Bd6 6. Bg3 O-O 7. Nbd2 Nc6 8. Bd3
Qc7 9. dxc5 Bxg3 10. hxg3 e5 11. e4 Ne7 12. exd5 Nexd5 13. Qc2 h6 14. O-O-O
Qxc5 15. Ne4 Nxe4 16. Bxe4 Nf6 17. Ng5 Be6 18. Nxe6 fxe6 19. Bf3 Rac8 20. Rd2
b5 21. a3 a5 22. Kb1 Rcd8 23. Rhd1 Rxd2 24. Rxd2 a4 1/2-1/2

[Event "División de Honor Aragonesa 2019"]
[Site "?"]
[Date "2019.02.02"]
[Round "2.7"]
[White "Laliena Solanes, Luis"]
[Black "Torcal Miguel, Oscar"]
[Result "1-0"]
[WhiteElo "2177"]
[BlackElo "2084"]
[PlyCount "67"]
[EventDate "2019.??.??"]
[EventType "team-tourn"]
[EventCountry "ESP"]
[WhiteTeam "ONCE C.A. Aragon"]
[BlackTeam "Ibercaja"]

1. e4 c5 2. Nc3 Nc6 3. Bb5 g6 4. Bxc6 dxc6 5. d3 Bg7 6. f4 e5 7. Nf3 Bg4 8. O-O
Ne7 9. fxe5 Bxe5 10. Bh6 Qc7 11. h3 Bxf3 12. Qxf3 f5 13. Rae1 O-O-O 14. Kh1
Rde8 15. g4 fxg4 16. Qxg4+ Qd7 17. Rf7 Qxg4 18. hxg4 Kd7 19. Ref1 Ke6 20. R7f3
Nc8 21. Ne2 Nd6 22. c3 Re7 23. Bf8 Rf7 24. Rxf7 Nxf7 25. Bxc5 h5 26. Nd4+ Bxd4
27. Bxd4 Ne5 28. g5 Re8 29. Rf6+ Kd7 30. Bxe5 Rxe5 31. Rxg6 c5 32. c4 a6 33. a4
Ke7 34. Kg2 1-0

[Event "División de Honor Aragonesa 2019"]
[Site "?"]
[Date "2019.02.02"]
[Round "2.8"]
[White "Villalba Embid, Marcos"]
[Black "Cobo Garrido, Diego Israel"]
[Result "1-0"]
[WhiteElo "2020"]
[BlackElo "2084"]
[PlyCount "67"]
[EventDate "2019.??.??"]
[EventType "team-tourn"]
[EventCountry "ESP"]
[WhiteTeam "Ibercaja"]
[BlackTeam "ONCE C.A. Aragon"]

1. e4 c5 2. Nf3 e6 3. d4 cxd4 4. Nxd4 Nc6 5. Nc3 Qc7 6. g3 a6 7. Bg2 b5 8. O-O
Bb7 9. Re1 Rc8 10. Nd5 Qd8 11. a4 Bc5 12. Nb3 Ba7 13. axb5 axb5 14. Nc3 b4 15.
Nb5 Bb8 16. Bf4 e5 17. Be3 d6 18. Bh3 Nf6 19. f3 O-O 20. Bxc8 Bxc8 21. c4 Be6
22. Qe2 Ne8 23. Rad1 f5 24. Nc5 Bc8 25. exf5 Bxf5 26. Ne4 Qe7 27. Bg5 Qe6 28.
Rd2 Nd4 29. Nxd4 exd4 30. g4 Bg6 31. Nf6+ Rxf6 32. Qxe6+ Rxe6 33. Rxe6 d3 34.
Rxg6 1-0

[Event "División de Honor Aragonesa 2019"]
[Site "?"]
[Date "2019.02.02"]
[Round "2.9"]
[White "Zambrana Petisme, Ramiro"]
[Black "Lana Rodriguez, David"]
[Result "0-1"]
[WhiteElo "2109"]
[BlackElo "2334"]
[PlyCount "116"]
[EventDate "2019.??.??"]
[EventType "team-tourn"]
[EventCountry "ESP"]
[WhiteTeam "Palacio de Pioneros B"]
[BlackTeam "Agrupacion"]

1. e4 c5 2. Nf3 Nc6 3. d4 cxd4 4. Nxd4 e5 5. Nb5 d6 6. N1c3 a6 7. Na3 b5 8. Nd5
f5 9. Bd3 Nf6 10. Bg5 Be7 11. Bxf6 Bxf6 12. exf5 O-O 13. Bxb5 axb5 14. Nxf6+
Qxf6 15. Qd5+ Rf7 16. Nxb5 Ra5 17. Qxc6 Bd7 18. Qxd6 Bxb5 19. Qxf6 Rxf6 20. g4
Bc6 21. Rg1 Bf3 22. Kd2 Ra4 23. h3 Re4 24. Rae1 Rd6+ 25. Kc1 Red4 26. b3 e4 27.
h4 Rd2 28. Rgf1 Kf7 29. g5 R2d5 30. f6 gxf6 31. gxf6 Rxf6 32. c4 Rd3 33. Re3
Rxe3 34. fxe3 Rh6 35. b4 Rxh4 36. Rf2 Rh1+ 37. Kb2 Ke6 38. Kc3 Re1 39. Kd4 h5
40. b5 Kd7 41. Rd2 Kc7 42. Kc5 Rd1 43. b6+ Kb7 44. Rb2 Rd8 45. a4 Bg4 46. a5
Be6 47. Kb5 Bd7+ 48. Kc5 Ra8 49. Kd6 Ba4 50. c5 Rd8+ 51. Ke5 Bc6 52. Rg2 Ka6
53. Rg7 Kxa5 54. Rc7 Kb5 55. b7 Rb8 56. Rh7 Rxb7 57. Rxh5 Kxc5 58. Rh6 Re7+ 0-1